[Event "C.to Provinciale NA"]
[Site "Napoli ITA"]
[Date "2013.12.05"]
[Round "1"]
[White "Caiazzo, Diego"]
[Black "Cerrato, Roberto"]
[WhiteElo "1792"]
[BlackElo "1804"]
[Result "1-0"]
[PlyCount "127"]
[EventDate "2013.12.05"]

1. d4 e6 2. e4 d5 3. exd5 exd5 4. Bd3 Bd6 5. Nf3 Ne7 6. O-O Bf5 7. Bxf5 Nxf5 8.
Re1+ Ne7 9. Bg5 Nbc6 10. c3 f6 11. Bh4 Qd7 12. Nbd2 O-O-O 13. Bg3 Bxg3 14. hxg3
h5 15. Qe2 Rde8 16. Qe6 Ng6 17. Qxd7+ Kxd7 18. Nh4 Nge7 19. Kf1 g5 20. Nhf3 h4
21. gxh4 gxh4 22. Ng1 Reg8 23. Nh3 Rg4 24. f3 Rg7 25. Nf4 Rhg8 26. Re2 Nd8 27.
Rae1 c6 28. Nh5 Rf7 29. Nxf6+ Rxf6 30. Rxe7+ Kd6 31. Re8 Rfg6 32. Rxg8 Rxg8 33.
Kf2 Ne6 34. Rh1 Nf4 35. Rxh4 Rxg2+ 36. Ke3 Re2+ 37. Kxf4 Rxd2 38. Rh6+ Kd7 39.
Rh7+ Kc8 40. Ke5 a5 41. f4 Rxb2 42. f5 Kd8 43. Kd6 Ke8 44. Re7+ Kf8 45. Rc7 a4
46. Ke6 Re2+ 47. Kf6 Ke8 48. Rxb7 Rxa2 49. Ke6 Re2+ 50. Kd6 Rf2 51. Kxc6 Rxf5
52. Ra7 Rf3 53. Rxa4 Rxc3+ 54. Kxd5 Ke7 55. Ra7+ Ke8 56. Kd6 Rh3 57. Ra8+ Kf7
58. d5 Rh6+ 59. Kd7 Rh1 60. d6 Re1 61. Rc8 Rd1 62. Rc6 Rd2 63. Rc7 Rd1 64. Kc8+
1-0

[Event "C.to Provinciale NA"]
[Site "Napoli ITA"]
[Date "2013.12.05"]
[Round "1"]
[White "Esposito, Rosario"]
[Black "Taurisano, Vincenzo"]
[WhiteElo "1825"]
[BlackElo "1950"]
[Result "1-0"]
[PlyCount "91"]
[EventDate "2013.12.05"]

1. d4 Nf6 2. c4 c5 3. d5 b5 4. cxb5 a6 5. f3 d6 6. e4 g6 7. Nc3 Bg7 8. bxa6 O-O
9. Bb5 Bxa6 10. Bxa6 Rxa6 11. Nge2 Nbd7 12. O-O Qb6 13. Kh1 Ne5 14. b3 Rfa8 15.
Na4 Qa7 16. Be3 Nc4 17. Bg1 Nd7 18. Rb1 Na3 19. Rc1 Rxa4 20. bxa4 Bb2 21. Nc3
Qa5 22. Qb3 Rb8 23. Nb5 Bxc1 24. Rxc1 Nxb5 25. axb5 Rxb5 26. Qc2 Qa3 27. Rb1
Rb4 28. h3 Ne5 29. Rxb4 Qxb4 30. a4 c4 31. Bd4 Qb3 32. Qxb3 cxb3 33. a5 Nc4 34.
a6 Nb6 35. Kg1 Kf8 36. Kf1 Ke8 37. Ke1 Kd7 38. Kd1 Kc7 39. Kc1 Na4 40. Kb1 f5
41. exf5 gxf5 42. g4 Nb6 43. a7 Na8 44. Kb2 Kb7 45. Kxb3 e5 46. dxe6 1-0

[Event "C.to Provinciale NA"]
[Site "Napoli ITA"]
[Date "2013.12.05"]
[Round "1"]
[White "Franzese, Luigi"]
[Black "Zinnai, Graziano Matteo"]
[WhiteElo "1874"]
[BlackElo "2039"]
[Result "0-1"]
[PlyCount "76"]
[EventDate "2013.12.05"]

1. d4 d5 2. Nf3 Nf6 3. c4 e6 4. e3 c6 5. Nc3 Nbd7 6. a3 Bd6 7. cxd5 exd5 8. Bd3
O-O 9. O-O Re8 10. b4 a6 11. Qc2 Nf8 12. h3 Ng6 13. Bd2 Qe7 14. Na4 Qc7 15.
Rac1 Ne4 16. Nc5 f5 17. Rce1 Qe7 18. Bc1 Nh4 19. Be2 Nxf3+ 20. Bxf3 Qh4 21. Nd3
g5 22. Ne5 Re6 23. Bxe4 fxe4 24. f3 Bxe5 25. dxe5 exf3 26. Rxf3 Qxe1+ 27. Kh2
Rxe5 28. Bb2 Rf5 29. Rxf5 Bxf5 30. Qxf5 Qxe3 31. Be5 Re8 32. Bd6 d4 33. Qd7 Qe6
34. Qc7 Rc8 35. Qxb7 Qxd6+ 36. g3 Re8 37. Qxa6 Qe6 38. Qb6 Qa2+ 0-1

[Event "C.to Provinciale NA"]
[Site "Napoli ITA"]
[Date "2013.12.05"]
[Round "1"]
[White "Freda, Guido"]
[Black "Baccelliere, Donato"]
[WhiteElo "1578"]
[BlackElo "1422"]
[Result "0-1"]
[PlyCount "68"]
[EventDate "2013.12.05"]

1. d4 d5 2. c4 Nf6 3. e3 Nc6 4. Nc3 e6 5. Nf3 b6 6. Bd3 Ba6 7. Qa4 Bb7 8. Ne5
Qd6 9. a3 a6 10. O-O Nd7 11. f4 f6 12. Nxd7 Qxd7 13. Qc2 g6 14. cxd5 exd5 15.
f5 g5 16. Qe2 O-O-O 17. Bxa6 Na7 18. Bxb7+ Kxb7 19. a4 Bb4 20. Bd2 c6 21. Na2
Bxd2 22. Qxd2 Qd6 23. a5 b5 24. Rac1 g4 25. g3 h5 26. Rf2 h4 27. Rf4 Rdg8 28.
Qe2 hxg3 29. hxg3 Rh3 30. Qg2 Qc7 31. a6+ Kb6 32. Nb4 Qh7 33. Re1 Rh8 34. Nxd5+
cxd5 0-1

[Event "C.to Provinciale NA"]
[Site "Napoli ITA"]
[Date "2013.12.05"]
[Round "1"]
[White "Ghiani, Marco"]
[Black "Capozzoli, Silvio"]
[WhiteElo "1482"]
[BlackElo "1746"]
[Result "1/2-1/2"]
[PlyCount "70"]
[EventDate "2013.12.05"]

1. d4 g6 2. c4 Bg7 3. Nc3 e6 4. e3 Ne7 5. Bd3 d6 6. Nf3 Nd7 7. O-O a6 8. Bd2 h6
9. Qc2 b6 10. Ne2 Bb7 11. e4 O-O 12. d5 e5 13. Qc1 Kh7 14. Ng3 Nf6 15. h4 Neg8
16. Re1 Bc8 17. Nh2 Ng4 18. Nf3 Bf6 19. h5 Bh4 20. hxg6+ fxg6 21. Rf1 Bxg3 22.
fxg3 N8f6 23. Nh4 Nh5 24. Rxf8 Qxf8 25. Qe1 Bd7 26. Nf3 Qf7 27. Nh2 Rf8 28. Be2
Nxh2 29. Kxh2 Qf2 30. Bxh5 Qxe1 31. Rxe1 gxh5 32. Be3 Bg4 33. Kg1 Kg6 34. Rf1
Rxf1+ 35. Kxf1 Bd1 1/2-1/2

[Event "C.to Provinciale NA"]
[Site "Napoli ITA"]
[Date "2013.12.05"]
[Round "1"]
[White "Melchior, Alex"]
[Black "Capone, Vincenzo"]
[WhiteElo "1910"]
[BlackElo "2190"]
[Result "0-1"]
[PlyCount "113"]
[EventDate "2013.12.05"]

1. d4 Nf6 2. c4 e6 3. Nc3 Bb4 4. Qc2 O-O 5. Nf3 c5 6. e3 d6 7. Be2 Qe7 8. O-O
e5 9. Ne4 Nxe4 10. Qxe4 f5 11. Qh4 Qxh4 12. Nxh4 e4 13. g3 Nc6 14. Rd1 Ba5 15.
a3 Bd8 16. Ng2 g5 17. d5 Ne5 18. b4 b6 19. Bb2 Bf6 20. Rab1 Bd7 21. Ne1 Ng6 22.
Bxf6 Rxf6 23. bxc5 dxc5 24. Rd2 h6 25. h3 Ne5 26. f4 exf3 27. Nxf3 Nf7 28. Rf1
Re8 29. Rd3 Nd6 30. Nd2 Kg7 31. Bf3 Ne4 32. Bh5 Nxd2 33. Bxe8 Nxf1 34. Bxd7
Nxg3 35. Kg2 Ne4 36. a4 Nd6 37. Bb5 Rf8 38. Kf3 Kf6 39. Rd1 Ke5 40. Rg1 Rg8 41.
Rg2 h5 42. h4 g4+ 43. Ke2 f4 44. exf4+ Kxf4 45. Rg1 Rg7 46. Kf2 Re7 47. Rf1 g3+
48. Kg2+ Kg4 49. Rf6 Nf5 50. d6 Nxh4+ 51. Kf1 g2+ 52. Kf2 Re1 53. Kxe1 g1=Q+
54. Ke2 Qg2+ 55. Kd3 Qg3+ 56. Ke4 Kg5 57. Rf8 0-1

[Event "C.to Provinciale NA"]
[Site "Napoli ITA"]
[Date "2013.12.05"]
[Round "1"]
[White "Messina, Enrico"]
[Black "Schiappoli, Dario"]
[WhiteElo "2188"]
[BlackElo "1907"]
[Result "1-0"]
[PlyCount "61"]
[EventDate "2013.12.05"]

1. e4 c5 2. d4 cxd4 3. c3 d3 4. Bxd3 Nc6 5. c4 g6 6. Nf3 Bg7 7. O-O d6 8. h3
Nf6 9. Nc3 Nd7 10. Bd2 Nde5 11. Nxe5 Nxe5 12. Be2 f5 13. Be3 O-O 14. f4 Nc6 15.
Bf3 fxe4 16. Bxe4 Bf5 17. Bf3 Qa5 18. Qd2 Rac8 19. Rfd1 Kh8 20. Rac1 g5 21. b3
gxf4 22. Bxf4 Bd7 23. Bh6 Bd4+ 24. Be3 Bg7 25. Bd5 e6 26. Be4 Be5 27. Nb5 Qd8
28. Bg5 Bf6 29. Bh6 Rg8 30. Nxd6 Bd4+ 31. Qxd4+ 1-0

[Event "C.to Provinciale NA"]
[Site "Napoli ITA"]
[Date "2013.12.05"]
[Round "1"]
[White "Parise, Mariano"]
[Black "Di Pascale, Raffaele"]
[WhiteElo "1645"]
[BlackElo "1443"]
[Result "1-0"]
[PlyCount "67"]
[EventDate "2013.12.05"]

1. c4 Nf6 2. d4 d6 3. Nc3 g6 4. e4 Bg7 5. f3 O-O 6. Be3 Nbd7 7. g3 e5 8. Nge2
exd4 9. Nxd4 Re8 10. Qd2 Nf8 11. O-O-O Ne6 12. Nde2 Nd7 13. Nd5 Nb6 14. Nec3
Nxd5 15. Nxd5 Bd7 16. Bg2 Bc6 17. Nc3 Qe7 18. h4 h5 19. Bh6 Rad8 20. Bxg7 Kxg7
21. Rde1 Rh8 22. f4 Rdf8 23. Nd5 Bxd5 24. exd5 b6 25. dxe6 fxe6 26. Bh3 Rf6 27.
f5 gxf5 28. Qg5+ Kf7 29. Rhf1 Qd7 30. Re4 Rg6 31. Bxf5 Rxg5 32. Bxe6+ Ke7 33.
Bxd7+ Kxd7 34. hxg5 1-0

[Event "C.to Provinciale NA"]
[Site "Napoli ITA"]
[Date "2013.12.05"]
[Round "1"]
[White "Radice, Mario"]
[Black "Auletta, Angelo"]
[WhiteElo "1906"]
[BlackElo "2148"]
[Result "0-1"]
[PlyCount "24"]
[EventDate "2013.12.05"]

1. e4 c5 2. Nf3 e6 3. d4 cxd4 4. Nxd4 Nc6 5. Nc3 a6 6. Be2 Qc7 7. O-O Nf6 8.
Be3 Bb4 9. Bf3 Ne5 10. Bf4 Bxc3 11. bxc3 Nxf3+ 12. Nxf3 Qxf4 0-1

[Event "C.to Provinciale NA"]
[Site "Napoli ITA"]
[Date "2013.12.12"]
[Round "2"]
[White "Auletta, Angelo"]
[Black "Esposito, Rosario"]
[WhiteElo "2148"]
[BlackElo "1825"]
[Result "1-0"]
[PlyCount "57"]
[EventDate "2013.12.05"]

1. e4 c5 2. Nf3 e6 3. d4 cxd4 4. Nxd4 Nc6 5. Nb5 d6 6. Bf4 e5 7. Be3 a6 8. N5c3
Nf6 9. Bg5 Be6 10. Nd2 Be7 11. Bxf6 Bxf6 12. Nc4 Be7 13. Nd5 O-O 14. Nxe7+ Qxe7
15. Qxd6 Qxd6 16. Nxd6 b5 17. c3 Rab8 18. b3 Rfd8 19. O-O-O g6 20. c4 bxc4 21.
Bxc4 Nd4 22. Bxe6 fxe6 23. Nc4 Rbc8 24. Kb2 Rc5 25. Rd2 Kf7 26. Rhd1 Kf6 27. f4
Rxc4 28. bxc4 Rb8+ 29. Kc3 1-0

[Event "C.to Provinciale NA"]
[Site "Napoli ITA"]
[Date "2013.12.12"]
[Round "2"]
[White "Cerrato, Roberto"]
[Black "Ambrosio, Giuseppe"]
[WhiteElo "1804"]
[BlackElo "2090"]
[Result "1-0"]
[PlyCount "69"]
[EventDate "2013.12.05"]

1. Nf3 g6 2. c4 Bg7 3. Nc3 e5 4. d3 Ne7 5. Bg5 c6 6. Qd2 h6 7. Bh4 d6 8. h3 Be6
9. e3 d5 10. cxd5 cxd5 11. d4 e4 12. Bb5+ Nbc6 13. Ne5 g5 14. Bg3 O-O 15. Bxc6
bxc6 16. f3 f6 17. Ng4 h5 18. Nf2 Nf5 19. Bh2 exf3 20. gxf3 Nh4 21. O-O-O Nxf3
22. Qe2 Nxh2 23. Rxh2 c5 24. Nd3 c4 25. Nc5 Bf7 26. Rf2 a5 27. Rf5 a4 28. a3
Qe7 29. Nxd5 Qd6 30. Ne4 Qe6 31. Nexf6+ Kh8 32. Qf3 Bg6 33. Rxg5 Bh7 34. Rf1
Ra6 35. Rxg7 1-0

[Event "C.to Provinciale NA"]
[Site "Napoli ITA"]
[Date "2013.12.12"]
[Round "2"]
[White "Di Meo, Antonio"]
[Black "Melchior, Alex"]
[WhiteElo "1886"]
[BlackElo "1910"]
[Result "0-1"]
[PlyCount "128"]
[EventDate "2013.12.05"]

1. b3 e5 2. Bb2 Nc6 3. e3 Nf6 4. c4 Be7 5. Nc3 O-O 6. d3 d5 7. cxd5 Nxd5 8. a3
Be6 9. Nf3 f6 10. Be2 a5 11. O-O Nxc3 12. Bxc3 Qd5 13. Nd2 Rfd8 14. Qc2 Kh8 15.
Rfd1 Qd7 16. Bb2 Bf5 17. Ne4 Qe6 18. Bf3 Rd7 19. Ng3 Bg6 20. Rac1 Rad8 21. Be4
Bxe4 22. dxe4 g6 23. Ne2 Nb8 24. Nc3 c6 25. Rxd7 Rxd7 26. Rd1 Na6 27. Na4 b5
28. Rxd7 Qxd7 29. Nc3 Nc5 30. Ne2 Qd3 31. Qxd3 Nxd3 32. Bc3 b4 33. axb4 axb4
34. Bd2 Kg8 35. Nc1 Nxc1 36. Bxc1 Kf7 37. Kf1 Ke6 38. Ke2 Kd6 39. Kd3 Kc5 40.
Bd2 Kb5 41. Be1 Bd8 42. Bd2 Bb6 43. Bc1 c5 44. Bb2 Bc7 45. g3 f5 46. f3 fxe4+
47. fxe4 h5 48. Ba1 g5 49. Bb2 Bd6 50. Ba1 g4 51. Bb2 Bb8 52. Bc1 Bc7 53. Bb2
Bd6 54. Ba1 c4+ 55. bxc4+ Ka4 56. Kc2 b3+ 57. Kb2 Kb4 58. c5 Bxc5 59. Kc1 Bd6
60. Bb2 Kc4 61. Kd2 Bb4+ 62. Kc1 Bc3 63. Ba3 Kd3 64. Bc5 Kxe4 0-1

[Event "C.to Provinciale NA"]
[Site "Napoli ITA"]
[Date "2013.12.12"]
[Round "2"]
[White "Di Pascale, Raffaele"]
[Black "Freda, Guido"]
[WhiteElo "1443"]
[BlackElo "1578"]
[Result "0-1"]
[PlyCount "60"]
[EventDate "2013.12.05"]

1. e4 c5 2. Nf3 d6 3. d4 cxd4 4. Nxd4 e5 5. Nb3 Nf6 6. Nc3 Be6 7. Be3 Nc6 8.
Nd5 Nxe4 9. f3 Nf6 10. Nxf6+ Qxf6 11. Nd2 d5 12. Nb3 d4 13. Bd2 Bb4 14. c3 Bd6
15. cxd4 exd4 16. Qc2 O-O 17. Bd3 g6 18. O-O Qh4 19. h3 Nb4 20. Bxb4 Bxb4 21.
Bc4 Rac8 22. Nd2 Bxd2 23. Qxd2 Bxc4 24. Rac1 d3 25. b3 Ba6 26. Rxc8 Rxc8 27.
Rc1 Qd4+ 28. Kh1 Rxc1+ 29. Qxc1 d2 30. Qc8+ Kg7 0-1

[Event "C.to Provinciale NA"]
[Site "Napoli ITA"]
[Date "2013.12.12"]
[Round "2"]
[White "Farina, Walter"]
[Black "Franzese, Luigi"]
[WhiteElo "1618"]
[BlackElo "1874"]
[Result "0-1"]
[PlyCount "80"]
[EventDate "2013.12.05"]

1. e4 c5 2. Nf3 d6 3. Bd3 Nc6 4. c3 Nf6 5. h3 e5 6. Bc2 Qb6 7. O-O Be7 8. d3 h6
9. Nbd2 Be6 10. a4 O-O 11. Bb3 Rac8 12. Re1 Na5 13. Nc4 Qxb3 14. Nxa5 Qb6 15.
Nc4 Bxc4 16. dxc4 a5 17. Qc2 Nh7 18. Nd2 Bg5 19. Nf1 Bxc1 20. Rexc1 Nf6 21. Ne3
Qc6 22. Nd5 Nxd5 23. cxd5 Qd7 24. c4 f5 25. f3 Rf7 26. Rf1 Rcf8 27. b3 Qd8 28.
Rae1 Qg5 29. exf5 Rxf5 30. Re4 h5 31. Kh2 Rf4 32. Rfe1 h4 33. Rxf4 Qg3+ 34. Kh1
Qxe1+ 35. Kh2 Qg3+ 36. Kh1 Rxf4 37. Qd2 Rd4 38. Qe2 Qg5 39. Qe1 Qd2 40. Qxh4
Rxh4 0-1

[Event "C.to Provinciale NA"]
[Site "Napoli ITA"]
[Date "2013.12.12"]
[Round "2"]
[White "Solombrino, Giovanni"]
[Black "Parise, Mariano"]
[WhiteElo "1860"]
[BlackElo "1645"]
[Result "1-0"]
[PlyCount "33"]
[EventDate "2013.12.05"]

1. e4 e6 2. d4 Nf6 3. Bd3 d6 4. Nf3 Nbd7 5. Nc3 c6 6. h3 Qc7 7. Bf4 h6 8. e5
Nd5 9. Nxd5 cxd5 10. O-O a6 11. Rc1 b5 12. a4 Rb8 13. axb5 axb5 14. Ra1 Be7 15.
Qd2 Qb6 16. Ra5 Ba6 17. Rfa1 1-0

[Event "C.to Provinciale NA"]
[Site "Napoli ITA"]
[Date "2013.12.12"]
[Round "2"]
[White "Taurisano, Vincenzo"]
[Black "Caiazzo, Diego"]
[WhiteElo "1950"]
[BlackElo "1792"]
[Result "1-0"]
[PlyCount "53"]
[EventDate "2013.12.05"]

1. e4 e6 2. d4 d5 3. Nc3 dxe4 4. Nxe4 Nd7 5. c4 Ngf6 6. Nc3 Be7 7. Nf3 O-O 8.
Bd3 h6 9. Bf4 c6 10. Qd2 Re8 11. O-O Bf8 12. Rad1 Qa5 13. Qc2 a6 14. a4 Nh5 15.
Bd2 Qc7 16. Rfe1 Nf4 17. Bh7+ Kh8 18. Ne5 Nxe5 19. dxe5 g6 20. Ne4 Rd8 21. Nf6
Nd3 22. Re3 Nf4 23. Qe4 Bg7 24. Qxf4 Bxf6 25. Qxh6 Bg7 26. Qh4 g5 27. Qh5 $138
1-0

[Event "C.to Provinciale NA"]
[Site "Napoli ITA"]
[Date "2013.12.12"]
[Round "2"]
[White "Zinnai, Graziano Matteo"]
[Black "Messina, Enrico"]
[WhiteElo "2039"]
[BlackElo "2188"]
[Result "0-1"]
[PlyCount "94"]
[EventDate "2013.12.05"]

1. e4 c5 2. Nf3 d6 3. Bb5+ Bd7 4. Bxd7+ Qxd7 5. d4 cxd4 6. Nxd4 Nf6 7. Nc3 g6
8. Bg5 Bg7 9. O-O O-O 10. Qd2 Rd8 11. Rfe1 Nc6 12. Nd5 Nxd4 13. Bxf6 Nf3+ 14.
gxf3 Bxf6 15. Nxf6+ exf6 16. Qf4 Qe6 17. b3 b5 18. a4 b4 19. a5 Rac8 20. Qd2
Rc3 21. Re3 Rdc8 22. Rxc3 Rxc3 23. Kg2 Qe5 24. Rd1 Qxa5 25. Qxd6 Qg5+ 26. Qg3
Qxg3+ 27. hxg3 Rxc2 28. Ra1 Rb2 29. Rxa7 Rxb3 30. Rb7 g5 31. f4 gxf4 32. gxf4
Kg7 33. e5 fxe5 34. fxe5 Kg6 35. Kf1 h5 36. Rb6+ Kf5 37. Rf6+ Kxe5 38. Rxf7 h4
39. Ke2 h3 40. Kd2 Ke4 41. Rh7 Kf4 42. Kc2 Rf3 43. Rh4+ Kg5 44. Rxb4 h2 45. Rb1
Rxf2+ 46. Kd3 Kf4 47. Rh1 Kf3 0-1

[Event "C.to Provinciale NA"]
[Site "Napoli ITA"]
[Date "2013.12.19"]
[Round "3"]
[White "Buiano, Fabio"]
[Black "Zinnai, Graziano Matteo"]
[WhiteElo "2034"]
[BlackElo "2039"]
[Result "1-0"]
[PlyCount "69"]
[EventDate "2013.12.05"]

1. e4 e6 2. d4 d5 3. Nc3 Nf6 4. Bg5 Be7 5. e5 Nfd7 6. Bxe7 Qxe7 7. f4 a6 8. Nf3
Nb6 9. Qd2 Bd7 10. O-O-O Bb5 11. Bd3 Bxd3 12. Qxd3 Nc4 13. Nd2 b5 14. f5 Qb4
15. Nxc4 bxc4 16. Qg3 g6 17. Rde1 Nc6 18. fxe6 fxe6 19. Qg4 Qe7 20. Rhf1 O-O-O
21. Rf6 Rhf8 22. Ref1 Kb7 23. Na4 Ka7 24. Nc5 Nxe5 25. Qxe6 Qxe6 26. Nxe6 Rxf6
27. Rxf6 Ng4 28. Rf7 Re8 29. Nxc7 Re2 30. Nxd5+ Kb8 31. h3 Nf2 32. Nc3 Re1+ 33.
Kd2 Rf1 34. Ke2 Rc1 35. Rxf2 1-0

[Event "C.to Provinciale NA"]
[Site "Napoli ITA"]
[Date "2013.12.19"]
[Round "3"]
[White "Caiazzo, Diego"]
[Black "Baccelliere, Donato"]
[WhiteElo "1792"]
[BlackElo "1422"]
[Result "1-0"]
[PlyCount "59"]
[EventDate "2013.12.05"]

1. Nf3 Nf6 2. d4 g6 3. Nbd2 d6 4. e4 Bg7 5. Bc4 e6 6. O-O O-O 7. c3 Re8 8. Qc2
c6 9. Bb3 e5 10. dxe5 dxe5 11. Rd1 Qe7 12. Nf1 h6 13. h3 g5 14. g4 Nh7 15. Ng3
Nd7 16. Nf5 Qf6 17. Rd6 Qd8 18. Nxh6+ Bxh6 19. Rxh6 Ndf6 20. Bxg5 Nxg5 21. Nxg5
Nxg4 22. Rg6+ Kh8 23. Nxf7+ Kh7 24. Nxd8 Kxg6 25. hxg4 Rxd8 26. f3 Rh8 27. Kg2
Kf6 28. Rh1 Rg8 29. Kg3 Ke7 30. Bxg8 1-0

[Event "C.to Provinciale NA"]
[Site "Napoli ITA"]
[Date "2013.12.19"]
[Round "3"]
[White "Esposito, Rosario"]
[Black "Di Meo, Antonio"]
[WhiteElo "1825"]
[BlackElo "1886"]
[Result "1/2-1/2"]
[PlyCount "47"]
[EventDate "2013.12.05"]

1. d4 b5 2. e4 a6 3. Bd3 Bb7 4. Ne2 c5 5. c3 e6 6. O-O Nf6 7. f3 Nc6 8. Be3
cxd4 9. cxd4 Nb4 10. Nbc3 Nxd3 11. Qxd3 Be7 12. d5 b4 13. Na4 exd5 14. e5 Ng8
15. Nb6 Rb8 16. Nxd5 Qa5 17. Nxe7 Nxe7 18. Qd6 Rc8 19. Rfd1 Qc7 20. Qxc7 Rxc7
21. Rac1 Rxc1 22. Rxc1 Nd5 23. Bc5 f6 24. Bd4 1/2-1/2

[Event "C.to Provinciale NA"]
[Site "Napoli ITA"]
[Date "2013.12.19"]
[Round "3"]
[White "Freda, Guido"]
[Black "Pellegrino, Giovanni"]
[WhiteElo "1578"]
[BlackElo "1380"]
[Result "0-1"]
[PlyCount "79"]
[EventDate "2013.12.05"]

1. d4 d5 2. c4 e6 3. e3 Nf6 4. Nc3 c6 5. Nf3 Be7 6. Bd3 Nbd7 7. O-O O-O 8. c5
Qc7 9. Qc2 e5 10. dxe5 Nxe5 11. Nxe5 Qxe5 12. f4 Qc7 13. b4 a5 14. Ba3 Re8 15.
Rfe1 Bd7 16. Rab1 axb4 17. Bxb4 Bf8 18. a4 Ng4 19. Bxh7+ Kh8 20. Bd3 Nxe3 21.
Qf2 Nf5 22. Rxe8 Rxe8 23. Qf3 Kg8 24. Nd1 Qb8 25. a5 Nh6 26. f5 Qe5 27. Bc3
Bxc5+ 28. Kf1 Bd4 29. Bd2 Bxf5 30. Nf2 Bxd3+ 31. Qxd3 Bxf2 32. Bxh6 Qf6 33. Qf3
Qxh6 34. Qxf2 Re7 35. Kg1 Qg6 36. Re1 Re4 37. Qd2 Qe6 38. Rxe4 Qxe4 39. Qf2 Qb4
40. Qb6 0-1

[Event "C.to Provinciale NA"]
[Site "Napoli ITA"]
[Date "2013.12.19"]
[Round "3"]
[White "Ghiani, Marco"]
[Black "Miccoli, Livio"]
[WhiteElo "1482"]
[BlackElo "1620"]
[Result "0-1"]
[PlyCount "52"]
[EventDate "2013.12.05"]

1. d4 Nf6 2. c4 d6 3. Nc3 g6 4. e4 Bg7 5. f3 O-O 6. Be3 c5 7. dxc5 dxc5 8. Bxc5
Nc6 9. Bd3 Qa5 10. Be3 Rd8 11. Qe2 Nb4 12. Bc2 Be6 13. Bb3 Nd3+ 14. Kf1 Nh5 15.
Bd2 Nhf4 16. Bxf4 Nxf4 17. Qc2 Rac8 18. Nge2 Nxe2 19. Kxe2 Bxc4+ 20. Bxc4 Rxc4
21. Rhc1 b5 22. a3 Qc7 23. Rd1 Rxd1 24. Rxd1 Bxc3 25. bxc3 Rxc3 26. Qb1 Qc4+
0-1

[Event "C.to Provinciale NA"]
[Site "Napoli ITA"]
[Date "2013.12.19"]
[Round "3"]
[White "Lombardo, Claudio"]
[Black "Capone, Vincenzo"]
[WhiteElo "1833"]
[BlackElo "2190"]
[Result "0-1"]
[PlyCount "70"]
[EventDate "2013.12.05"]

1. d4 Nf6 2. Nf3 g6 3. c4 Bg7 4. Nc3 O-O 5. e3 d6 6. Be2 Nbd7 7. O-O e5 8. dxe5
dxe5 9. Qc2 c6 10. e4 Re8 11. Bg5 h6 12. Bh4 g5 13. Bg3 Nh5 14. Rad1 Qe7 15.
Nd2 Nf4 16. Bg4 Nc5 17. Bxc8 Raxc8 18. Nb3 Nce6 19. Kh1 Rcd8 20. Rxd8 Rxd8 21.
Rd1 Nd4 22. Nxd4 exd4 23. Qd2 Re8 24. Ne2 Nxe2 25. Qxe2 Qxe4 26. Qd2 Qe2 27. h3
Qxc4 28. b3 Qe2 29. Kh2 Qxd2 30. Rxd2 f5 31. Bd6 Rd8 32. Bb4 b6 33. Rd3 c5 34.
Bd2 Kf7 35. Kg3 b5 0-1

[Event "C.to Provinciale NA"]
[Site "Napoli ITA"]
[Date "2013.12.19"]
[Round "3"]
[White "Melchior, Alex"]
[Black "Cerrato, Roberto"]
[WhiteElo "1910"]
[BlackElo "1804"]
[Result "1-0"]
[PlyCount "70"]
[EventDate "2013.12.05"]

1. d4 d5 2. c4 e6 3. Nc3 c6 4. e3 Nf6 5. Nf3 Nbd7 6. cxd5 exd5 7. Bd3 Bd6 8.
O-O O-O 9. Re1 Re8 10. Qc2 Nf8 11. h3 Bd7 12. e4 dxe4 13. Nxe4 Nxe4 14. Bxe4 h6
15. Ne5 Be6 16. Bf4 Bb4 17. Re3 Bd5 18. Rg3 Bxe4 19. Qxe4 Qf6 20. Ng4 Qh4 21.
Nxh6+ Qxh6 22. Qxe8 Qxf4 23. Qxa8 Qxd4 24. Rb3 Bc5 25. Rf1 Bb6 26. Qxb7 Qd5 27.
Rc1 Qd2 28. Rf1 Qd5 29. Rf3 Ng6 30. Qc8+ Kh7 31. Rf5 Ne7 32. Rxd5 Nxc8 33. Rd7
Kg6 34. Re1 Bc5 35. Rc7 Bb4 1-0

[Event "C.to Provinciale NA"]
[Site "Napoli ITA"]
[Date "2013.12.19"]
[Round "3"]
[White "Russo Spena, Vincenzo"]
[Black "Capozzoli, Silvio"]
[WhiteElo "1503"]
[BlackElo "1746"]
[Result "0-1"]
[PlyCount "120"]
[EventDate "2013.12.05"]

1. d4 Nf6 2. c4 e5 3. d5 Bc5 4. e3 d6 5. g3 Bg4 6. Be2 Qd7 7. h3 Bxe2 8. Qxe2
e4 9. Bd2 a5 10. Bc3 Qf5 11. g4 Qg6 12. Bd4 Nbd7 13. Nc3 h5 14. f3 hxg4 15.
fxe4 Nxe4 16. Nxe4 Qxe4 17. Rh2 Bxd4 18. exd4 Nf6 19. Qxe4+ Nxe4 20. Re2 f5 21.
hxg4 Kf7 22. gxf5 Rh1 23. O-O-O Ng3 24. Rf2 Re8 25. Kd2 Ne4+ 26. Ke2 Nxf2+ 27.
Kxf2 Rh2+ 28. Kf1 Rxb2 29. a4 Rc2 30. Rb1 b6 31. c5 dxc5 32. Nf3 cxd4 33. Nxd4
Rc5 34. Ne6 Rc4 35. d6 cxd6 36. Rxb6 Rxe6 37. fxe6+ Kxe6 38. Rb7 g5 39. Rb5
Rxa4 40. Rxg5 Ra1+ 41. Ke2 a4 42. Kd2 a3 43. Kc2 Re1 44. Kb3 Re3+ 45. Ka2 d5
46. Rg4 Kf5 47. Rg1 Ke4 48. Rd1 d4 49. Rd2 Rc3 50. Kb1 Ke3 51. Rh2 Rb3+ 52. Kc1
Kd3 53. Rg2 Kc4 54. Ra2 d3 55. Rf2 Rc3+ 56. Kd1 Kb3 57. Rd2 a2 58. Ke1 a1=Q+
59. Rd1 Qb2 60. Rd2 Rc1+ 0-1

[Event "C.to Provinciale NA"]
[Site "Napoli ITA"]
[Date "2013.12.19"]
[Round "3"]
[White "Schiappoli, Dario"]
[Black "Radice, Mario"]
[WhiteElo "1907"]
[BlackElo "1906"]
[Result "1-0"]
[PlyCount "51"]
[EventDate "2013.12.05"]

1. e4 c5 2. Nf3 d6 3. d4 cxd4 4. c3 dxc3 5. Nxc3 Nc6 6. Bc4 g6 7. Qb3 e6 8. O-O
Bg7 9. Rd1 a6 10. Bf4 Na5 11. Qb4 Nxc4 12. Qxc4 Bd7 13. Rxd6 Rc8 14. Qd3 Bf8
15. Rd4 Bg7 16. e5 Qc7 17. Ne4 Bf8 18. Rd1 Bc6 19. Nd6+ Bxd6 20. exd6 Qb6 21.
d7+ Bxd7 22. Rxd7 Ne7 23. Rxe7+ Kxe7 24. Qd7+ Kf6 25. Be5+ Kf5 26. Qxf7+ 1-0

[Event "C.to Provinciale NA"]
[Site "Napoli ITA"]
[Date "2014.01.09"]
[Round "4"]
[White "Auletta, Angelo"]
[Black "Buiano, Fabio"]
[WhiteElo "2148"]
[BlackElo "2034"]
[Result "0-1"]
[PlyCount "90"]
[EventDate "2013.12.05"]

1. e4 c5 2. Nf3 g6 3. d4 cxd4 4. Nxd4 Nc6 5. Nc3 Bg7 6. Be3 Nf6 7. Bc4 O-O 8.
Bb3 a5 9. O-O d6 10. h3 Nxd4 11. Bxd4 Bd7 12. a4 Bc6 13. Qd3 Nd7 14. Bxg7 Kxg7
15. Qd4+ Kg8 16. Rfe1 Nc5 17. Bc4 Qb6 18. Nd5 Bxd5 19. Bxd5 e6 20. Ba2 Qc6 21.
c3 Rfd8 22. h4 h5 23. f4 Nd7 24. Qd2 Nf6 25. f5 Qc5+ 26. Kh1 Kg7 27. fxe6 Qe5
28. exf7 Nxe4 29. Qd5 Qxd5 30. Bxd5 Nf6 31. Be6 d5 32. Rad1 Ra6 33. Rd4 Rad6
34. b4 Ne4 35. Bh3 Nxc3 36. Re7 b6 37. bxa5 bxa5 38. Rf4 Rf8 39. Rc7 d4 40. Kh2
Ne2 41. Rf1 d3 42. g4 d2 43. Rd1 Rxf7 44. Rxf7+ Kxf7 45. gxh5 gxh5 0-1

[Event "C.to Provinciale NA"]
[Site "Napoli ITA"]
[Date "2014.01.09"]
[Round "4"]
[White "Auletta, Pasquale"]
[Black "Caiazzo, Diego"]
[WhiteElo "1531"]
[BlackElo "1792"]
[Result "1/2-1/2"]
[PlyCount "84"]
[EventDate "2013.12.05"]

1. e4 e6 2. d4 d5 3. Nc3 Nf6 4. e5 Nfd7 5. f4 c5 6. Nf3 Nc6 7. Be3 a6 8. Qd2
cxd4 9. Nxd4 Be7 10. O-O-O Qc7 11. h4 Nxd4 12. Bxd4 Bc5 13. Bxc5 Nxc5 14. g4
Bd7 15. Bh3 O-O-O 16. Rhe1 g6 17. Qd4 b6 18. f5 gxf5 19. gxf5 Rdg8 20. Rg1 Qd8
21. f6 Rxg1 22. Rxg1 Rg8 23. Rg7 Rxg7 24. fxg7 Kc7 25. h5 Qg5+ 26. Kd1 Qxg7 27.
b4 Na4 28. Nxd5+ exd5 29. Bxd7 Nb2+ 30. Qxb2 Qg1+ 31. Kd2 Kxd7 32. Qc3 Qg5+ 33.
Qe3 Qxh5 34. Qxb6 Qg5+ 35. Qe3 h6 36. a4 Kc6 37. Qxg5 hxg5 38. Ke3 Kb6 39. Kf3
Kc6 40. Kg4 d4 41. Kxg5 Kd5 42. Kf5 Kc4 1/2-1/2